Quiz mathématique rapide - juste un petit - quiz 24 - Statistiques

Statistiques générales
  • Ce quiz a été pris 19 fois
  • Le résultat moyen est 13 sur 15
Statistiques - réponses
Hint Réponse % Correct
25 225
100%
34 306
94%
37 333
94%
54 486
94%
7 63
94%
11 99
94%
17 153
88%
26 234
88%
41 369
88%
39 351
81%
49 441
81%
63 567
81%
69 621
81%
67 603
75%
73 657
69%
Aucun quiz correspondant
Distribution des résultats
% des personnes avec chaque résultat
Percentile par nombre de réponses
Votre historique - résultats
Vous n’avez pas pris ce quiz